<?xml version="1.0" encoding="UTF-8"?>
<record
    xmlns:xsi="http://www.w3.org/2001/XMLSchema-instance"
    xsi:schemaLocation="http://www.loc.gov/MARC21/slim http://www.loc.gov/standards/marcxml/schema/MARC21slim.xsd"
    xmlns="http://www.loc.gov/MARC21/slim">

  <leader>04026nam a2200493 a 4500</leader>
  <controlfield tag="001">000115860</controlfield>
  <controlfield tag="003">CHAP</controlfield>
  <controlfield tag="005">20240617113754.0</controlfield>
  <controlfield tag="007">ta</controlfield>
  <controlfield tag="008">190716s2019    mx ado frm   |||1|||spa d</controlfield>
  <datafield tag="010" ind1=" " ind2=" ">
    <subfield code="a">112321</subfield>
  </datafield>
  <datafield tag="011" ind1=" " ind2=" ">
    <subfield code="a">113293</subfield>
  </datafield>
  <datafield tag="040" ind1=" " ind2=" ">
    <subfield code="c">CHAP</subfield>
    <subfield code="a">mxchpua</subfield>
    <subfield code="e">rda</subfield>
  </datafield>
  <datafield tag="041" ind1="0" ind2=" ">
    <subfield code="a">spa</subfield>
    <subfield code="b">eng</subfield>
  </datafield>
  <datafield tag="090" ind1=" " ind2=" ">
    <subfield code="a">Tesis </subfield>
    <subfield code="b">H47 </subfield>
    <subfield code="c">2019</subfield>
  </datafield>
  <datafield tag="100" ind1="1" ind2=" ">
    <subfield code="a">Hern&#xE1;ndez Alonso, Sandra Monserrat</subfield>
  </datafield>
  <datafield tag="245" ind1="1" ind2="0">
    <subfield code="a">Caracterizaci&#xF3;n del proceso de fermentaci&#xF3;n de cacao (Theobroma cacao L.) en Tuzant&#xE1;n, Chiapas /</subfield>
    <subfield code="c">Sandra Monserrat Hern&#xE1;ndez Alonso</subfield>
  </datafield>
  <datafield tag="264" ind1=" " ind2=" ">
    <subfield code="a">Chapingo, M&#xE9;xico :</subfield>
    <subfield code="b">El autor,</subfield>
    <subfield code="c">2019</subfield>
  </datafield>
  <datafield tag="300" ind1=" " ind2=" ">
    <subfield code="a">xii, 67 hojas :</subfield>
    <subfield code="b">ilustraciones, gr&#xE1;ficas, fotograf&#xED;as +</subfield>
    <subfield code="e">1 CD-ROM</subfield>
  </datafield>
  <datafield tag="336" ind1=" " ind2=" ">
    <subfield code="2">rdacontent</subfield>
    <subfield code="a">texto</subfield>
    <subfield code="b">txt</subfield>
  </datafield>
  <datafield tag="337" ind1=" " ind2=" ">
    <subfield code="2">rdamedia</subfield>
    <subfield code="a">no mediado</subfield>
    <subfield code="b">n</subfield>
  </datafield>
  <datafield tag="338" ind1=" " ind2=" ">
    <subfield code="2">rdacarrier</subfield>
    <subfield code="a">volumen</subfield>
    <subfield code="b">nc</subfield>
  </datafield>
  <datafield tag="502" ind1=" " ind2=" ">
    <subfield code="a">Tesis </subfield>
    <subfield code="b">(Ingeniero Agroindustrial) -- </subfield>
    <subfield code="c">UACh. Departamento de Ingenier&#xED;a Agroindustrial,</subfield>
    <subfield code="d">2019</subfield>
  </datafield>
  <datafield tag="504" ind1=" " ind2=" ">
    <subfield code="a">Bibliograf&#xED;a: hojas 95-100</subfield>
  </datafield>
  <datafield tag="520" ind1="3" ind2=" ">
    <subfield code="a">El proceso de fermentaci&#xF3;n de cacao otorga cualidades al grano como la reducci&#xF3;n del amargos y la astringencia natural de este, incrementando su calidad sensorial y su valor como materia prima para la elaboraci&#xF3;n de chocolate. En el estado de Chiapas se desconoce el proceso de fermentaci&#xF3;n, sus ventajas en cuanto a calidad sensorial y el valor agregado que obtiene el grano. El proceso de fermentaci&#xF3;n se realiz&#xF3; con tres variedades de cacao, una criolla (V1) y dos forasteras (V2 y V3). El m&#xE9;todo efectuado para fermentar fue el de fermentaci&#xF3;n en la caja. La primera remoci&#xF3;n de la pulpa fue a las 48 h y posteriormente fueron cada 24 hasta el t&#xE9;rmino del proceso a las 120 h en el caso de V1 y a las 144 h en el caso de V2 y V3. Durante el proceso de fermentaci&#xF3;n se evalu&#xF3; la temperatura ambiental, la temperatura de la masa fermentante, los s&#xF3;lidos solubles totales (SST), pH y porcentaje de &#xE1;cido ac&#xE9;tico durante la fermentaci&#xF3;n y el secado, prueba de corte de grano y an&#xE1;lisis proximal al inicio y al final del proceso. Con los resultados presentados en este trabajo se espera mejorar el proceso de fermentaci&#xF3;n del cacao de la regi&#xF3;n.</subfield>
  </datafield>
  <datafield tag="520" ind1="3" ind2=" ">
    <subfield code="a">The fermentation cocoa beans gives qualities as the reduction of bitters and the natural astringency of this, increasing its sensory quality and its market value as material to the chocolate products. In the state of Chiapas the fermentation process is unknown, its advantages in terms of sensory quality and the added value obtained. The fermentation process was carried out with three varieties of cocoa, one criollo (V1) and two forastero varieties (V2 and V3). The method employed fermentation in wodden box. The first mixing was at 48 h and then every 24 h until the end of the process at 120 h in the case of V1 and at 144 h in the case of V2 and V3. During the fermentation process the environmental temperature, temperature of mass pulp, the total soluble solids (TSS), pH and acetic acid percent during fermentation and drying, cut test and proximal analysis at the beginning and at the end of the process. With the results presented in this paper, it is expected to improve the fermentation process of the region's cocoa.</subfield>
  </datafield>
  <datafield tag="590" ind1=" " ind2=" ">
    <subfield code="a">BATCH-UPD</subfield>
    <subfield code="b">05</subfield>
    <subfield code="c">20190716</subfield>
  </datafield>
  <datafield tag="590" ind1=" " ind2=" ">
    <subfield code="a">E6339RRR</subfield>
    <subfield code="b">05</subfield>
    <subfield code="c">20190716</subfield>
  </datafield>
  <datafield tag="590" ind1=" " ind2=" ">
    <subfield code="a">E6339RRR</subfield>
    <subfield code="b">05</subfield>
    <subfield code="c">20190716</subfield>
  </datafield>
  <datafield tag="650" ind1="1" ind2="3">
    <subfield code="a">Semillas de cacao  </subfield>
    <subfield code="x">Fermentaci&#xF3;n alcoh&#xF3;lica</subfield>
    <subfield code="2">atg</subfield>
  </datafield>
  <datafield tag="650" ind1="1" ind2="3">
    <subfield code="a">Semillas de cacao  </subfield>
    <subfield code="x">Variedades</subfield>
    <subfield code="z">M&#xE9;xico</subfield>
    <subfield code="z">Chiapas</subfield>
    <subfield code="2">atg</subfield>
  </datafield>
  <datafield tag="650" ind1="1" ind2="7">
    <subfield code="a">Cacao</subfield>
    <subfield code="x">Propiedades sensoriales</subfield>
    <subfield code="2">atg</subfield>
  </datafield>
  <datafield tag="650" ind1="1" ind2="3">
    <subfield code="a">Cocoa beans  </subfield>
    <subfield code="x">Alcoholic fermentation</subfield>
    <subfield code="2">atg</subfield>
  </datafield>
  <datafield tag="650" ind1="1" ind2="3">
    <subfield code="a">Cocoa beans  </subfield>
    <subfield code="x">Varieties</subfield>
    <subfield code="z">Mexico</subfield>
    <subfield code="z">Chiapas</subfield>
    <subfield code="2">atg</subfield>
  </datafield>
  <datafield tag="650" ind1="1" ind2="7">
    <subfield code="a">Cocoa</subfield>
    <subfield code="x">Sensory properties</subfield>
    <subfield code="2">atg</subfield>
  </datafield>
  <datafield tag="700" ind1="1" ind2=" ">
    <subfield code="a">Sandoval Castilla, Ofelia</subfield>
    <subfield code="e">directora</subfield>
  </datafield>
  <datafield tag="700" ind1="1" ind2=" ">
    <subfield code="a">Ram&#xED;rez Santiago, C&#xE9;sar</subfield>
    <subfield code="e">asesor</subfield>
  </datafield>
  <datafield tag="700" ind1="1" ind2=" ">
    <subfield code="a">Vel&#xE1;zquez Varela, Jos&#xE9;</subfield>
    <subfield code="e">asesor</subfield>
  </datafield>
  <datafield tag="856" ind1="4" ind2="1">
    <subfield code="u">http://10.13.5.2/tesis/sist115860.pdf</subfield>
    <subfield code="y">DESCARGAR PDF</subfield>
  </datafield>
  <datafield tag="901" ind1=" " ind2=" ">
    <subfield code="a">Tesis H47 2019</subfield>
  </datafield>
  <datafield tag="942" ind1=" " ind2=" ">
    <subfield code="c">TESIS</subfield>
    <subfield code="2">Clasificaci&#xF3;n Universidad Aut&#xF3;noma Chapingo</subfield>
  </datafield>
  <datafield tag="999" ind1=" " ind2=" ">
    <subfield code="c">112321</subfield>
    <subfield code="d">112321</subfield>
  </datafield>
  <datafield tag="952" ind1=" " ind2=" ">
    <subfield code="0">0</subfield>
    <subfield code="1">0</subfield>
    <subfield code="2">local</subfield>
    <subfield code="4">0</subfield>
    <subfield code="7">1</subfield>
    <subfield code="8">TESIS</subfield>
    <subfield code="a">BC</subfield>
    <subfield code="b">BC</subfield>
    <subfield code="d">2019-07-16</subfield>
    <subfield code="f">TESIS</subfield>
    <subfield code="l">0</subfield>
    <subfield code="o">Tesis</subfield>
    <subfield code="p">115871-10</subfield>
    <subfield code="r">2019-12-31 00:00:00</subfield>
    <subfield code="w">2019-07-16</subfield>
    <subfield code="y">CD</subfield>
  </datafield>
  <datafield tag="952" ind1=" " ind2=" ">
    <subfield code="0">0</subfield>
    <subfield code="1">0</subfield>
    <subfield code="2">local</subfield>
    <subfield code="4">0</subfield>
    <subfield code="5">1</subfield>
    <subfield code="7">0</subfield>
    <subfield code="8">TESIS</subfield>
    <subfield code="a">IA_</subfield>
    <subfield code="b">IA_</subfield>
    <subfield code="d">2022-09-02</subfield>
    <subfield code="e">El autor</subfield>
    <subfield code="l">0</subfield>
    <subfield code="o">Tesis H47 2019</subfield>
    <subfield code="p">1101013650</subfield>
    <subfield code="r">2026-02-02 00:00:00</subfield>
    <subfield code="t">Ej. 1</subfield>
    <subfield code="y">TESIS</subfield>
  </datafield>
  <datafield tag="952" ind1=" " ind2=" ">
    <subfield code="0">0</subfield>
    <subfield code="1">0</subfield>
    <subfield code="2">local</subfield>
    <subfield code="4">0</subfield>
    <subfield code="5">1</subfield>
    <subfield code="7">0</subfield>
    <subfield code="8">TESIS</subfield>
    <subfield code="a">IA_</subfield>
    <subfield code="b">IA_</subfield>
    <subfield code="d">2022-09-02</subfield>
    <subfield code="e">El autor</subfield>
    <subfield code="l">0</subfield>
    <subfield code="o">Tesis H47 2019</subfield>
    <subfield code="p">1101013651</subfield>
    <subfield code="r">2022-09-02 00:00:00</subfield>
    <subfield code="t">Ej. 2</subfield>
    <subfield code="y">CD</subfield>
  </datafield>
  <datafield tag="952" ind1=" " ind2=" ">
    <subfield code="0">0</subfield>
    <subfield code="1">0</subfield>
    <subfield code="2">local</subfield>
    <subfield code="4">0</subfield>
    <subfield code="7">0</subfield>
    <subfield code="8">TesDigL</subfield>
    <subfield code="a">IA_</subfield>
    <subfield code="b">IA_</subfield>
    <subfield code="c">E_L</subfield>
    <subfield code="d">2023-02-27</subfield>
    <subfield code="e">El autor</subfield>
    <subfield code="l">0</subfield>
    <subfield code="p">1201013650</subfield>
    <subfield code="r">2023-02-27 00:00:00</subfield>
    <subfield code="w">2023-02-27</subfield>
    <subfield code="y">TD</subfield>
  </datafield>
</record>
